000 00305nam a2200133Ia 4500
008 220204s9999 xx 000 0 und d
082 _a057
_bPIE
100 _aPIELOU, E C
245 0 _aBiogeography
260 _aNew York
_bJohn Wiley
_c1979
650 _aBiogeography
650 _aphylogy
942 _cBK
999 _c36302
_d36302